000 00982nam a2200241Ia 4500
999 _c36388
_d36388
001 2302
003 GE_BSU
005 20190527203108.0
008 181216s2011||||ge |||||||||||||| ||geo||
020 _a9789941175091
040 _cGE_BSU
041 _ageo
080 _a336.7(479.22) თ–15
100 _aთავაძე, ირინე
_91687
245 _aფულის მიმოქცევის რეგულირების გაუმჯობესების გზები საქართველოში /
_cირინე თავაძე; რედ. გოჩა თუთბერიძე.
264 _aთბილისი :
_bუნივერსალი,
_c2011.
300 _a187 გვ.;
_b19 სმ.
653 _aეკონომიკა
653 _aფულის მიმოქცევა
653 _aფინანსები
700 _aთუთბერიძე, გოჩა
_91688
942 _cBK
_2udc